000 00976nam a22001937a 4500
999 _c5618
_d5618
003 AR-CdUCM
008 190312b ||||| |||| 00| 0 spa d
020 _a84-7232-323-4
040 _aMUNICIPALIDAD PROVINCIAL DEL CUSCO
_cBIBLIOTECA MUNICIPAL DEL CUSCO
082 _a086.991 /
_bM74
100 _aMolina, Antonio M.
_916799
245 _aHistoria de Filipinas /
260 _aMadrid :
_bCultura hispánica del instituto de cooperación iberoamericana,
_c1984.
300 _a2 tomos ;
_bilustraciones,
_c24 cm.
505 _aContenido: t.1.- Orígenes -- Iniciación -- Incorporación -- consolidación -- colonización -- La coyuntura -- colonia -- Auge -- La propaganda -- t.2.- La revolución -- " Byac - na - bato" -- Entre dos pactos -- La guerra Fil-Americana -- El régimen norteamericano -- La mancomunidad de Filipinas -- Paréntesis japones -- La república -- La nueva sociedad.
650 _aHistoria de Filipinas
_916800
942 _2ddc
_cLIBROS
945 _aAndy